000 nam a22 a 4500
999 _c390008
_d390008
003 BLK
005 20201013133246.0
008 200316b bul|||||r ||||||| ||bul||
010 _aKNG00191234RET
040 _aBLK
041 _aBUL
_cBUL
080 _aЕволюционно учение. Дарвинизъм. Видообразуване. Филогенез - Борба за съществуване, изолация, адаптация, отбор и др. Биомакромолекули, молекулярна еволюция, клетки и субклетъчни структури, тъ
_b575.8
_z575.8
100 _aПисарев, Дмитрий Иванович
_eпърви автор
_9323908
139 _aПисарев, Дмитрий Иванович
245 1 0 _aПрогресът в животинското и растителното царства
_bПопул. изложение на Дарвиновата теория
_cДмитрий Иванович Писарев.
257 _aBGR
260 _aРазград
_bХристо Килифарски
_c1895
_fРазград : печ. Килифарски и сие, 1895
_9217697
300 _a228 с.
_c25 см
380 _a5
490 1 _aНаучна библиотека
_v- 2
490 _aКолекция Редки и ценни издания
_9435080
500 _a(Цена в кумул.) : 2 лв.
600 1 4 _aДарвин, Чарлс Робърт
_958759
650 7 _9152842
_aДарвинизъм
653 7 _aрастения
_9195288
653 7 _aживотни
_9186633
653 7 _aеволюция
_9185767
852 _aРб 895
_bРц
856 4 _qpdf
_u
942 _cKNG
_n0
_s1
944 _aCR
_c2020-10-13
_kРенета Константинова
999 _d523335